| 000 | 00412nam a22001697a 4500 | ||
|---|---|---|---|
| 003 | CEME | ||
| 005 | 20210628203220.0 | ||
| 008 | 210203b xxu||||| |||| 00| 0 eng d | ||
| 020 | _a812420568X | ||
| 040 | _c. | ||
| 082 | _a658.5 MOR | ||
| 100 |
_aMorse, Stephen _964039 |
||
| 245 | _aHandbook of successful product management | ||
| 260 |
_aNEW DELHI _bCREST _c2005 |
||
| 300 | _aVII, 148P | ||
| 942 |
_cBK _2ddc |
||
| 999 |
_c572684 _d572684 |
||